Perceptions of gender roles and attitudes toward work among male and female operatives in the Scottish construction industry (Record no. 71930)
[ view plain ]
| 000 -LEADER | |
|---|---|
| fixed length control field | 01237cam a2200217 4500 |
| 001 - CONTROL NUMBER | |
| control field | X121047 |
| 008 - FIXED-LENGTH DATA ELEMENTS--GENERAL INFORMATION | |
| fixed length control field | 030117n2002 000 0 eng u |
| 035 ## - SYSTEM CONTROL NUMBER | |
| System control number | (Sirsi) u121047 |
| 100 ## - MAIN ENTRY--PERSONAL NAME | |
| Personal name | Agapiou, A. |
| 245 ## - TITLE STATEMENT | |
| Title | Perceptions of gender roles and attitudes toward work among male and female operatives in the Scottish construction industry |
| 260 ## - PUBLICATION, DISTRIBUTION, ETC. | |
| Date of publication, distribution, etc. | 2002 |
| 490 ## - SERIES STATEMENT | |
| Series statement | Construction Management and Economics |
| Volume/sequential designation | 20(8) November- December 2002, 697-705(9) |
| 520 ## - SUMMARY, ETC. | |
| Summary, etc. | This paper presents an empirical review of women's roles within the industry and the ways in which people make sense of their working experience when traditional gender roles are challenged. Based on qualitative research, the study found that men in the industry, regarded as the gatekeepers, are now finding ways to respond to and make sense of a changing workplace. Women are now actively encouraged to participate, legally protected against discriminination and more highly represented in non-traditional areas of the construction industry. [Taken from article headnote]. |
| 650 ## - SUBJECT ADDED ENTRY--TOPICAL TERM | |
| Topical term or geographic name entry element | EQUAL OPPORTUNITIES |
| 650 ## - SUBJECT ADDED ENTRY--TOPICAL TERM | |
| Topical term or geographic name entry element | CULTURE |
| 650 ## - SUBJECT ADDED ENTRY--TOPICAL TERM | |
| Topical term or geographic name entry element | SKILLS |
| 650 ## - SUBJECT ADDED ENTRY--TOPICAL TERM | |
| Topical term or geographic name entry element | WOMEN |
| 650 ## - SUBJECT ADDED ENTRY--TOPICAL TERM | |
| Topical term or geographic name entry element | GENDER |
| 690 ## - LOCAL SUBJECT ADDED ENTRY--TOPICAL TERM (OCLC, RLIN) | |
| Topical term or geographic name as entry element | BUILDING AND CONSTRUCTION-MANAGEMENT |
| 942 ## - ADDED ENTRY ELEMENTS (KOHA) | |
| Suppress in OPAC | 0 |
| Withdrawn status | Lost status | Source of classification or shelving scheme | Damaged status | Not for loan | Home library | Current library | Shelving location | Date acquired | Total Checkouts | Full call number | Barcode | Date last seen | Copy number | Price effective from | Koha item type |
|---|---|---|---|---|---|---|---|---|---|---|---|---|---|---|---|
| Dewey Decimal Classification | London | London | Journal article | 17/01/2003 | X121047 | 121047-1001 | 06/08/2019 | 1 | 06/08/2019 | Journal article |